00672ntaaa2200205 45000030003000000050017000030080021000200200015000410400037000560820020000931000019001132450033001322500010001652600041001753000022002165000130002386500043003686500033004117000022004440120251027201335.00714s1973 ag 01  a0805401342 aAR-BaBNbspacAR-BaBNeaacrdRIC a220.7000 N42a34 aLea, Thomas D  aFirst second Timothy, Titus a1 ed. aNashville : bBroadman Press, c1992 a352 p ; c23,5 cm aComentario teológico expositivo basado en la "New International Version" Contiene referencias bibliográficas e índices. aBiblia-Nuevo Testamento-Timoteo-I y II aBiblia-Nuevo Testamento-Tito aGriffin, Hayne P